[Event "Solta op 4th"]
[Site "Grohote"]
[Date "2021.08.15"]
[Round "9"]
[White "Jazvic, Tomislav"]
[Black "Lauda, Alexandr"]
[Result "1-0"]
[WhiteElo "2024"]
[BlackElo "1829"]
[PlyCount "68"]
[EventDate "2021.08.08"]
[EventType "swiss"]
[EventRounds "9"]
[EventCountry "CRO"]
[SourceTitle "CBM 203 Extra"]
[Source "ChessBase"]
[SourceDate "2021.09.30"]
[SourceVersion "1"]
[SourceVersionDate "2021.09.30"]
[SourceQuality "1"]

1. e4 e5 2. Nf3 Nc6 3. Bb5 Nf6 4. d3 Ne7 5. 0-0 c6 6. Ba4 Ng6 7. d4 Nxe4 8. dxe5 d5 9. exd6 Nxd6 10. Qd4 Be6 11. Nc3 Nf5 12. Qe4 Qc7 13. Ng5 Bd6 14. Nxe6 Bxh2+ 15. Kh1 fxe6 16. Qxe6+ Nfe7 17. Re1 Rd8 18. Bb3 Rf8 19. Qh3 Bf4 20. Kg1 Bxc1 21. Raxc1 Qf4 22. Ne4 Qf5 23. Qe3 Qg4 24. Qc5 Rd7 25. Nd6+ Rxd6 26. Qxd6 Qf4 27. Qc5 Rf5 28. Qxa7 Ne5 29. Qa8+ Kd7 30. Qxb7+ Kd6 31. Rcd1+ Nd5 32. Rxd5+ cxd5 33. Qxd5+ Kc7 34. Qa5+ Kc6 1-0

[Event "Solta op 4th"]
[Site "Grohote"]
[Date "2021.08.11"]
[Round "5"]
[White "Jazvic, Tomislav"]
[Black "Lutsko, Artem"]
[Result "0-1"]
[WhiteElo "2024"]
[BlackElo "2240"]
[PlyCount "92"]
[EventDate "2021.08.08"]
[EventType "swiss"]
[EventRounds "9"]
[EventCountry "CRO"]
[SourceTitle "CBM 203 Extra"]
[Source "ChessBase"]
[SourceDate "2021.09.30"]
[SourceVersion "1"]
[SourceVersionDate "2021.09.30"]
[SourceQuality "1"]

1. e4 e5 2. Nf3 Nc6 3. Nc3 Nf6 4. d4 exd4 5. Nxd4 Bb4 6. Nxc6 bxc6 7. Bd3 d5 8. exd5 cxd5 9. 0-0 0-0 10. Bg5 c6 11. Qf3 Be7 12. Rfe1 h6 13. Bf4 Bd6 14. Be5 Bxe5 15. Rxe5 Bg4 16. Qg3 Qb8 17. h3 Be6 18. Rae1 Nd7 19. R5e2 Nc5 20. Qxb8 Rfxb8 21. Rd2 a5 22. a3 Kf8 23. Ne2 Bd7 24. Nd4 Re8 25. Rxe8+ Rxe8 26. Kf1 Nxd3 27. Rxd3 c5 28. Ne2 Bb5 29. Re3 Rxe3 30. fxe3 Ke7 31. Ke1 Kd6 32. c3 Bd3 33. Kd2 Be4 34. g3 g6 35. b4 a4 36. Nc1 f5 37. Nd3 Bxd3 38. Kxd3 g5 39. b5 Kc7 40. c4 dxc4+ 41. Kxc4 Kb6 42. g4 f4 43. exf4 gxf4 44. h4 f3 45. Kd3 c4+ 46. Ke3 c3 0-1

[Event "Opatija op 2nd"]
[Site "Opatija"]
[Date "2014.07.03"]
[Round "6"]
[White "Jazvic, Tomislav"]
[Black "Radikovic, Anamarija"]
[Result "1-0"]
[WhiteElo "1993"]
[BlackElo "1379"]
[PlyCount "107"]
[EventDate "2014.06.29"]
[EventType "swiss"]
[EventRounds "9"]
[EventCountry "CRO"]
[SourceTitle "CBM 161 Extra"]
[Source "ChessBase"]
[SourceDate "2014.08.29"]
[SourceVersion "1"]
[SourceVersionDate "2014.08.29"]
[SourceQuality "1"]

1. e4 d5 2. exd5 Nf6 3. d4 Qxd5 4. Nc3 Qa5 5. Bd2 Nc6 6. Nb5 Qb6 7. d5 Nd4 8. Be3 Qa5+ 9. b4 Qxb4+ 10. c3 Qa5 11. Nxd4 Qxc3+ 12. Ke2 Nxd5 13. Rc1 Qb2+ 14. Qd2 Qb6 15. Nc6 Bg4+ 16. f3 Bxf3+ 17. Nxf3 Qxe3+ 18. Qxe3 Nxe3 19. Kxe3 bxc6 20. Rxc6 g6 21. Bb5 Bh6+ 22. Kf2 0-0 23. Rxc7 Rab8 24. Be2 a5 25. Ra7 Ra8 26. Rxa8 Rxa8 27. Rb1 Bg7 28. Rb7 e6 29. a4 Bc3 30. Rc7 Bb4 31. Ne1 Kf8 32. Nd3 Bd6 33. Rc6 Ke7 34. g3 Kd7 35. Rb6 e5 36. Rb5 e4 37. Nc5+ Bxc5+ 38. Rxc5 f5 39. Bb5+ Kd6 40. Rc6+ Kd5 41. Rc7 Kd4 42. Rd7+ Kc3 43. Rxh7 Rd8 44. Ke3 Rd1 45. Rg7 Rd6 46. Rc7+ Kb4 47. Rc4+ Kb3 48. Rc6 Rxc6 49. Bxc6 Kc3 50. h4 Kc4 51. Be8 Kb4 52. Bxg6 Kxa4 53. Bxf5 Kb4 54. Bd7 1-0

[Event "Opatija op 2nd"]
[Site "Opatija"]
[Date "2014.06.29"]
[Round "1"]
[White "Dajcman, Nikolaj"]
[Black "Jazvic, Tomislav"]
[Result "0-1"]
[WhiteElo "1274"]
[BlackElo "1993"]
[PlyCount "90"]
[EventDate "2014.06.29"]
[EventType "swiss"]
[EventRounds "9"]
[EventCountry "CRO"]
[SourceTitle "CBM 161 Extra"]
[Source "ChessBase"]
[SourceDate "2014.08.29"]
[SourceVersion "1"]
[SourceVersionDate "2014.08.29"]
[SourceQuality "1"]

1. e4 c5 2. Nf3 d6 3. d4 cxd4 4. Nxd4 Nf6 5. Nc3 a6 6. Be3 e5 7. Nb3 Be6 8. Bd3 Nbd7 9. Qe2 Qc7 10. 0-0 Be7 11. Rad1 b5 12. f4 b4 13. Nd5 Bxd5 14. exd5 Nxd5 15. Be4 Nxe3 16. Qxe3 Rc8 17. Bf5 Bf6 18. Rd2 Rd8 19. Rfd1 Nb6 20. fxe5 dxe5 21. Rxd8+ Bxd8 22. Bd3 0-0 23. Bxa6 Qxc2 24. Qd3 Qc7 25. Rc1 Qa7 26. Kh1 Bg5 27. Rc5 Rd8 28. Qe2 Qxa6 29. Qf3 Qxa2 30. h3 Qb1+ 31. Kh2 Bf4+ 32. g3 Qxb2+ 33. Qg2 Bxg3+ 34. Kxg3 Qxb3+ 35. Kh2 Qe3 36. Rc2 Qf4+ 37. Qg3 Rd2+ 38. Rxd2 Qxd2+ 39. Kg1 Qd4+ 40. Kg2 Nd5 41. Qg5 Nf4+ 42. Kh2 Qf2+ 43. Kh1 Qf1+ 44. Kh2 Qxh3+ 45. Kg1 f6 0-1